header

Global good Samaritans (Record no. 4482)

MARC details
000 -LEADER
fixed length control field 01337nam a2200325Ia 4500
100 1# - MAIN ENTRY--AUTHOR NAME
Personal name Brysk, Alison,
245 10 - TITLE STATEMENT
Title Global good Samaritans
260 ## - PUBLICATION, DISTRIBUTION, ETC. (IMPRINT)
Place of publication Oxford ;
-- New York :
Name of publisher Oxford University Press,
Year of publication 2009.
300 ## - PHYSICAL DESCRIPTION
Number of Pages ix, 287 p.
650 #0 - SUBJECT ADDED ENTRY--TOPICAL TERM
Topical Term International relations
Topical Term Human rights.
856 40 - ELECTRONIC LOCATION AND ACCESS
Uniform Resource Identifier http://site.ebrary.com/lib/rucke/Doc?id=10279435

No items available.

© 2026 Rongo University
Contact us: librarian | system librarian | Rongo university